High five! : the magic of working together

Bibliographic Details
Main Author: Blanchard, Ken
Other Authors: Bowles, Sheldon, Carew, Don, Parisi-Carew, Eunice
Format: Book
Published: London : HarperCollins Publisher , 2001
Subjects:

MARC

LEADER 00000cam a2200000 7i4500
001 0000024036
005 20081119.0
008 081119
020 |a 0007108222 
090 0 0 |a 658.402   |b BLA 
100 1 |a Blanchard, Ken 
245 1 0 |a High five! :   |b the magic of working together   |c Ken Blanchard, Sheldon Bowles [et.al] 
260 |a London :   |b HarperCollins Publisher ,   |c 2001 
650 0 |a Teams in the workplace 
700 1 |a Bowles, Sheldon 
700 1 |a Carew, Don 
700 1 |a Parisi-Carew, Eunice 
999 |a 0001037541   |b Book   |c Adult Collection   |e Perbadanan Perpustakaan Awam Johor 
999 |a 0001037542   |b Book   |c Adult Collection   |e Cawangan Urban Transformation Centre 
999 |a 0001037543   |b Book   |c Adult Collection   |e Perbadanan Perpustakaan Awam Johor